Vitamins in foods : Analysis, bioavailability and stability

Gespeichert in:
Bibliographische Detailangaben
1. Verfasser: Ball, George F.M.
Format: Buch
Sprache:Undetermined
Veröffentlicht: Boca Raton Taylor & Francis 2006
Schlagworte:
Tags: Tag hinzufügen
Keine Tags, Fügen Sie den ersten Tag hinzu!
Thư viện lưu trữ: Trung tâm Học liệu Trường Đại học Cần Thơ
LEADER 00568nam a2200217Ia 4500
001 CTU_100048
008 210402s9999 xx 000 0 und d
020 |c 2871000 
082 |a 613.2 
082 |b B187 
100 |a Ball, George F.M. 
245 0 |a Vitamins in foods : 
245 0 |b Analysis, bioavailability and stability 
245 0 |c George F. M. Ball 
260 |a Boca Raton 
260 |b Taylor & Francis 
260 |c 2006 
650 |a Food 
650 |x Vitamin content 
904 |i Giang 
980 |a Trung tâm Học liệu Trường Đại học Cần Thơ